Business Cycles Theory, History, Indicators, and Forecasting

Na minha lista:
Detalhes bibliográficos
Autor principal: Zarnowitz, Victor
Formato: Livro
Idioma:inglês
Publicado em: Chicago The University of Chicago Press 1992
Edição:1. ed.
Colecção:Studies in Business Cycles Vol. 27
Assuntos:
Tags: Adicionar Tag
Sem tags, seja o primeiro a adicionar uma tag!

MARC

LEADER 00000nam a2200000 4500
001 c019666
005 20221206082948.1
020 |a 0-226-97891-5 
041 0 |a eng 
044 |a US 
245 1 0 |a Business Cycles  |b Theory, History, Indicators, and Forecasting  |c Victor Zarnowitz 
250 |a 1. ed. 
264 1 |a Chicago  |b The University of Chicago Press  |c 1992 
300 |a 593 s. 
490 1 |a Studies in Business Cycles  |v Vol. 27 
830 0 |a Studies in Business Cycles  |v Vol. 27 
610 2 0 |a cykly obchodné 
610 2 0 |a dejiny 
610 2 0 |a dejiny teórií ekonomických 
610 2 0 |a teória cyklu 
610 2 0 |a ukazovatele 
610 2 0 |a ukazovatele ekonomické 
610 2 0 |a ukazovatele štatistické 
610 2 0 |a prognózy 
610 2 0 |a prognózy hospodárske 
100 1 |a Zarnowitz, Victor